| 000 | 00512nam a2200169Ia 4500 | ||
|---|---|---|---|
| 008 | 090711s9999 xx 000 0 und d | ||
| 082 | _b44935 | ||
| 100 | _aगोखले वि. वि. | ||
| 245 | _aमॅड मॅड अमेरिका | ||
| 260 | _c1982 | ||
| 300 | _a165 | ||
| 600 | _aगोखले वि. वि. | ||
| 630 | _aमॅड मॅड अमेरिका | ||
| 700 | _aगोखले वि. वि. | ||
| 730 | _aमॅड मॅड अमेरिका | ||
| 942 | _cBOOK | ||
| 999 |
_c338894 _d338891 |
||